Bibliografía general de Chile. Primera Parte. Diccionario de autores y obras. Biobibliografía y bibliografía, precedido de una bibliografía de bibliografías chilenas. Abalos-Barros Arana

Guardat en:
Dades bibliogràfiques
Autors principals: Vaïsse, Emilio (Emeth, Omer) (autor), Laval, Ramón A Laval Alvial, Ramón (Autor)
Format: Llibre
Idioma:espanyol
Publicat: Santiago Imprenta Universitaria 1915
Edició:1a. ed
Matèries:
Etiquetes: Afegir etiqueta
Sense etiquetes, Sigues el primer a etiquetar aquest registre!

MARC

LEADER 00000nam a2200000 a 4500
001 UCJ8638
003 CL-VaPUC
008 070124e19150000CL |||||||||||||||||spa|d
082 0 4 |a 010  |b VAI  |2 21 
100 |a Vaïsse, Emilio  |q (Emeth, Omer)  |e autor  |9 877928 
700 |a Laval, Ramón A  |e author  |q Laval Alvial, Ramón   |9 505149 
245 1 0 |a Bibliografía general de Chile. Primera Parte. Diccionario de autores y obras. Biobibliografía y bibliografía, precedido de una bibliografía de bibliografías chilenas. Abalos-Barros Arana 
250 |a 1a. ed 
300 |a pág. irreg 
942 |c BK 
945 |d 20070124 00:00:00  |a rinostro 
260 |a Santiago  |b Imprenta Universitaria  |c 1915 
500 |a Comenzó a publicarse en el número 7, Año II, de la Revista de Bibliografía Chilena y Extranjera 
500 |a En biblioteca sólo v. 1 
500 |a La Bibliografía General comprendía, en el plan del autor: I, Diccionario de Autores y Obras; II, Anónimos y Seudónimos; III, Bibliografía de Diarios y Periódicos; IV, Topo-bibliografía Chilena y, V, Bibliografía Sistemática por Materias 
650 0 |a Biografías  |9 255210 
650 7 |a BIBLIOGRAFIA  |2 CL-VaPUC  |9 256175 
650 7 |a MARCA TIPOGRAFICA  |2 CL-VaPUC  |9 506100 
583 |a last modification  |c 20070124 00:00:00  |k Rodrigo Vera 
999 |c 324308  |d 324306 
952 |0 0  |1 0  |4 0  |6 010_000000000000000_VAI_1915  |7 0  |8 X  |9 404394  |a FDOBUD  |b FDOBUD  |d 2019-11-22  |i 1081616  |o 010 VAI 1915  |p 1081616  |r 2019-11-22  |w 2019-11-22  |y BK_X  |k BUD